|
|
|
|
| LEADER |
01243nam a2200301 a 4500 |
| 001 |
12583867 |
| 008 |
091227s1994 enka 000 0 eng d |
| 010 |
|
|
|a 2001427402
|
| 040 |
|
|
|a TNY
|c TNY
|d FCI
|d UKM
|d DLC
|d BD-DhAAL
|
| 020 |
|
|
|a 095204692X
|
| 082 |
0 |
0 |
|a 341.4
|2 20
|
| 245 |
0 |
0 |
|a Human rights :
|b the new consensus.
|
| 260 |
|
|
|a London :
|b Regency Press in association with the United Nations High Commissioner for Refugees,
|c c1994.
|
| 300 |
|
|
|a 304 p. :
|b col. ill. ;
|c 30 cm.
|
| 500 |
|
|
|a Cover title.
|
| 504 |
|
|
|a Includes texts of "treaties and declarations most directly relevant to the World Conference on Human Rights."--Cf. p. 263.
|
| 541 |
1 |
|
|e 00007074
|
| 650 |
|
0 |
|a Human rights.
|
| 650 |
|
0 |
|a Refugees.
|
| 650 |
|
0 |
|a Refugees
|x International cooperation.
|
| 650 |
|
7 |
|a Droits de l'homme.
|2 ram
|
| 650 |
|
7 |
|a Réfugiés.
|2 ram
|
| 653 |
0 |
|
|a Rights
|
| 710 |
2 |
|
|a Office of the United Nations High Commissioner for Refugees.
|
| 711 |
2 |
|
|a United Nations World Conference on Human Rights.
|
| 852 |
4 |
|
|a Ayesha Abed Library
|j General Shelf.
|
| 999 |
|
|
|c 7012
|d 7012
|
| 952 |
|
|
|0 0
|1 0
|2 ddc
|4 0
|6 341_400000000000000_HUM_1994
|7 0
|9 7267
|a BRACUL
|b BRACUL
|c GEN
|d 2010-01-17
|l 3
|m 1
|o 341.4 HUM
|p 3010007074
|r 2016-03-28
|s 2016-03-16
|t 1
|w 2010-01-17
|y BK
|